Hình ảnh thực phẩm Quiz (tiếng Việt) - Statistics

General Stats
  • This quiz has been taken 17 times
  • The average score is 4 of 8
Answer Stats
Picture Answer % Correct
Táo
100%
Nho
86%
Sô cô la
79%
Trứng
64%
Ớt
57%
Bánh mỳ
14%
Mỳ ống
14%
Thịt viên
14%
No matching quizzes found
Score Distribution
Percent of People with Each Score
Percentile by Number Answered
Your Score History
You have not taken this quiz